000 00867nam a22002777a 4500
001 BR8402691
003 BR-BrBNA
005 20230928091928.0
007 ta
008 230509b bl.||||| |||| 00| 0 por d
040 _aBR-BrBNA
_bpor
_cBiblioteca Nacional de Agricultura
041 _a(Por)
072 _aF22; F25
_b3830
_b/G514
090 _ 3830 BR8402691
100 1 _aJorge, H.D.
110 1 _aUniversidade Federal de Vicosa, MG (Brasil)
_0Tese (Magister Scientiae)
245 1 _aCaracterizacao dos principais constituintes mineralogicos responsaveis pela adsorcao do fosfato em tres latossolos brasileiros
260 3 _aVicosa, MG (Brasil):
_c1984.
300 _a59 p.
500 _a6 illus.; 8 tables; 45 ref.; Summary (Por)
650 _aFOSFATO
650 _aADSORCAO
650 _aSOLO
909 _a202309
_bLucia
_c55
_dLucia Elande
942 _cBK
999 _c36250
_d36250